Catálogo

Dios la ciencia las pruebas : (Registro nro. 27068)

Detalles MARC
000 -LEADER
fixed length control field 01377cam a2200337 i 4500
001 - CONTROL NUMBER
control field 27068
003 - CONTROL NUMBER IDENTIFIER
control field Mx-PuUPA
005 - DATE AND TIME OF LATEST TRANSACTION
control field 20250705122053.0
008 - FIXED-LENGTH DATA ELEMENTS--GENERAL INFORMATION
fixed length control field 140415s2024 mx a gr 000 0 spa d
020 ## - INTERNATIONAL STANDARD BOOK NUMBER
International Standard Book Number 9786075579191
040 ## - CATALOGING SOURCE
Original cataloging agency Mx-PuUPA
Language of cataloging spa
Transcribing agency Mx-PuUPA
Modifying agency Mx-PuUPA
Description conventions rda
041 1# - LANGUAGE CODE
Language code of text/sound track or separate title spa
Language code of original fre
100 1# - MAIN ENTRY--PERSONAL NAME
Personal name Bolloré, Michel-Yves,
Dates associated with a name 1945-
Relator term autor
9 (RLIN) 17275
240 10 - UNIFORM TITLE
Uniform title Dieu, la science, les preuves - L'aube d'une révolution.
Language of a work Español
245 10 - TITLE STATEMENT
Title Dios la ciencia las pruebas :
Remainder of title el albor de una revolución /
Statement of responsibility, etc. Michel-Yves Bolloré ; Olivier Bonnassies ; traducción de Amalia Recondo
264 #1 - PRODUCTION, PUBLICATION, DISTRIBUTION, MANUFACTURE, AND COPYRIGHT NOTICE
Place of production, publication, distribution, manufacture Estado de México :
Name of producer, publisher, distributor, manufacturer Editorial Océano de México,
Date of production, publication, distribution, manufacture, or copyright notice ©2024
300 ## - PHYSICAL DESCRIPTION
Extent 528 páginas :
Other physical details ilustraciones ;
Dimensions 23 cm
336 ## - CONTENT TYPE
Fuente rdacontent
Content type term texto
Content type code txt
337 ## - MEDIA TYPE
Source rdamedia
Media type term sin medio
Media type code n
338 ## - CARRIER TYPE
Source rdacarrier
Carrier type term volumen
Carrier type code nc
650 #7 - SUBJECT ADDED ENTRY--TOPICAL TERM
Source of heading or term armarc
Topical term or geographic name entry element Existencia de Dios
Form subdivision Pruebas
650 #7 - SUBJECT ADDED ENTRY--TOPICAL TERM
Source of heading or term armarc
Topical term or geographic name entry element Teología dogmática
650 #7 - SUBJECT ADDED ENTRY--TOPICAL TERM
Source of heading or term armarc
Topical term or geographic name entry element Filosofía y religión
700 1# - ADDED ENTRY--PERSONAL NAME
Personal name Bonnassies, Olivier,
Relator term autor
700 1# - ADDED ENTRY--PERSONAL NAME
Personal name Recondo, Amalia,
Relator term traductor
765 0# - ORIGINAL LANGUAGE ENTRY
Main entry heading Bolloré, Michel-Yves,
Title Dieu, la science, les preuves - L'aube d'une révolution.
942 ## - ADDED ENTRY ELEMENTS (KOHA)
Source of classification or shelving scheme Dewey Decimal Classification
Koha item type Libro
Classification part 321.042
Item part B6818
Existencias
Withdrawn status Lost status Source of classification or shelving scheme Damaged status Not for loan Collection code Home library Current library Shelving location Date acquired Source of acquisition Total Checkouts Full call number Barcode Date last seen Date last checked out Price effective from Koha item type Copy number
    Dewey Decimal Classification   Consulta en sala Magisterial Biblioteca Karol Wojtyla Biblioteca Karol Wojtyla Sala general 03/12/2013 Compra 1 231.042 B6818 2024 45154 14/08/2025 14/07/2025 03/12/2013 Magisterial  
    Dewey Decimal Classification   Consulta en sala Magisterial Biblioteca Karol Wojtyla Biblioteca Karol Wojtyla Sala general 03/12/2013 Compra 1 231.042 B6818 2024 45155 14/08/2025 14/07/2025 03/12/2013 Magisterial Ej.2